000 00932nam a2200301 i 4500
001 000006284
003 DO-SdBNP
005 20230831153428.0
007 ta
008 090827s2001 dr 001 0 spa d
020 _a9993433276
040 _aDO-SdBNP
_bspa
_cBNPHU
_erda
049 _aBNPD
082 4 _222
100 1 _aCabrera, Onavis Carmelo,
_917548
_eautor
245 1 0 _aEducación de jóvenes y adultos :
_buna perspectiva intercultural /
_cOnavis Carmelo Cabrera.
264 _aSanto Domingo :
_bMediabyte,
_c2001.
300 _a285 páginas ;
_c22 cm.
336 _2rdacontent
_atexto
_btxt
337 _2rdamedia
_asin mediación
_bnc
338 _2rdacarrier
_avolumen
_bn
500 _aIncluye datos biográficos del autor en las solapa
500 _aIncluye notas al pie de las páginas
504 _aBibliografía : p. 271-285
590 _aInventariado, 2023/BT
910 _aBtavárez
942 _2ddc
_cLBS1
999 _c6079
_d6079